| 000 | 01016naa a22003137a 4500 | ||
|---|---|---|---|
| 001 | BR6600467 | ||
| 003 | BR-BrBNA | ||
| 005 | 20250709164608.0 | ||
| 007 | ta | ||
| 008 | 250630b bl.|||m| |||| 00| 0 por d | ||
| 040 |
_aBR-BrBNA _bpor _cBiblioteca Nacional de Agricultura |
||
| 041 | _a(Pt) | ||
| 072 |
_aM40; L60; M11 _b8195 _bG514 |
||
| 090 | _aM40 BR6600467 | ||
| 100 | 1 | _aBorges, G. de A. | |
| 245 | 1 | _aNotas preliminares sobre a biologia e pesca do Xareu Preto - Caranx Lugubris. Poey, 1860 no nordeste brasileiro | |
| 500 | _aBoletim de estudos de pesca Recife, PE (Brasil): 1966. p. 9-30 [11 tables; 11 graphs; Summary (En)] (BR6600467-AMS) | ||
| 650 | _aXAREU PRETO | ||
| 650 | _aDISTRIBUICAO GEOGRAFICA | ||
| 650 | _aTAXONOMIA ANIMAL | ||
| 650 | _aBIOLOGIA | ||
| 650 | _aBIOMETRIA | ||
| 650 | _aPESCA | ||
| 650 | _aDESEMBARQUE | ||
| 650 | _aREGIAO NORDESTE | ||
| 490 |
_aBoletim de Estudos de Pesca (Brazil) _vv. 6(2) |
||
| 942 |
_cAMS _2AGRIS |
||
| 909 |
_a202506 _bLúcia _c55 _dLúcia Elande |
||
| 999 |
_c332594 _d332594 |
||